000 00421pab a2200157 454500
008 180718b1989 xxu||||| |||| 00| 0 eng d
100 _aNarayana, G.
245 _aGovernment and voluntary agencies a review of relationships
260 _c1989
300 _a62-71
362 _aSept.
650 _aSocial Service Agencies
700 _aCh. V.S. Sita Rama Rao
773 _aASCI Journal of Management
909 _a18799
999 _c18799
_d18799